SCPs 051 - 100 - Statistics

General Stats
  • This quiz has been taken 11 times
  • The average score is 24 of 50
Answer Stats
Object # Name % Correct
066 Eric's Toy
100%
055 [unknown]
100%
080 Dark Form
80%
058 Heart of Darkness
80%
096 The "Shy Guy"
80%
087 The Stairwell
80%
063 "The World's Best Tothbrush"
80%
054 Water Nymph
80%
056 A Beautiful Person
60%
076 "Able"
60%
073 "Cain"
60%
082 "Fernand" the Cannibal
60%
078 Guilt
60%
060 Infernal Occult Skeleton
60%
091 Nostalgia
60%
093 Red Sea Object
60%
077 Rot Skull
60%
069 Second Chance
60%
098 Surgeon Crabs
60%
067 The Artist's Pen
60%
072 The Foot of the Bed
60%
099 The Portrait
60%
052 Time-Traveling Train
60%
053 Young Girl
60%
090 Apocorubik's Cube
40%
075 Corrosive Snail
40%
085 Hand-drawn "Cassy"
40%
070 Iron Wings
40%
100 "Jamaican Joe's Junkyard Jubilee"
40%
094 Miniature Event Horizon
40%
079 Old AI
40%
097 Old Fairgrounds
40%
062 "Quantum" Computer
40%
059 Radioactive Material
40%
081 Spontaneous Combustion Virus
40%
084 Static Tower
40%
095 The Atomic Adventures of Ronnie Ray-Gun
40%
088 The Lizard King
40%
086 The Office of Dr. [REDACTED]
40%
083 An Abandoned Row Home
20%
061 Auditory Mind Control
20%
071 Degenerative Metamorphic Entity
20%
065 Destroyed Organic Catalyst
20%
064 Flawed von Neumann Structure
20%
051 Japanese Obstetrical Model
20%
074 Quantum Woodlouse
20%
092 "The Best of the 5th Dimension"
20%
057 The Daily Grind
20%
068 The Wire Figure
20%
089 Trophet
0%
No matching quizzes found
Score Distribution
Percent of People with Each Score
Percentile by Number Answered
Your Score History
You have not taken this quiz